Diccionario manual e ilustrado de la lengua española
Sparad:
| Huvudupphovsman: | |
|---|---|
| Materialtyp: | Bok |
| Språk: | Undetermined |
| Publicerad: |
Madrid, España
Espasa-Calpe
1950
|
| Ämnen: | |
| Taggar: |
Lägg till en tagg
Inga taggar, Lägg till första taggen!
|
MARC
| LEADER | 00000nam a2200000Ia 4500 | ||
|---|---|---|---|
| 008 | 170316s9999 xx 000 0 und d | ||
| 040 | |a cru BVZT | ||
| 090 | |a R-413 R-1di ESP | ||
| 100 | |a Real Academia Española | ||
| 245 | |a Diccionario manual e ilustrado de la lengua española | ||
| 260 | |a Madrid, España | ||
| 260 | |b Espasa-Calpe | ||
| 260 | |c 1950 | ||
| 300 | |a viii,1572 páginas | ||
| 650 | 0 | |a REFERENCIA |9 27 | |
| 650 | 0 | |a ESPAÑOL |9 48 | |
| 942 | |c REF |2 z | ||
| 999 | |c 14637 |d 14637 | ||
